[Event "ROM-chT Rapid (Women)"]
[Site "Sebes"]
[Date "2023.12.02"]
[Round "2.5"]
[White "Dobre, Ana Margareta Alexa"]
[Black "Chicarosie, Ioana Bianca"]
[Result "0-1"]
[WhiteElo "1857"]
[BlackElo "1705"]
[PlyCount "54"]
[EventDate "2023.12.02"]
[EventType "team-tourn (rapid)"]
[EventRounds "7"]
[EventCountry "ROU"]
[SourceTitle "CB49_2023"]
[SourceDate "2023.12.06"]
[SourceVersion "1"]
[SourceVersionDate "2023.12.06"]
[SourceQuality "1"]
[WhiteTeam "Arnia Chess IT (W)"]
[BlackTeam "Bucharest CSU  (W)"]
[WhiteTeamCountry "ROU"]
[BlackTeamCountry "ROU"]

1. e4 e6 2. d4 d5 3. Nd2 c5 4. Bb5+ Bd7 5. Bxd7+ Qxd7 6. exd5 Qxd5 7. Qf3 Nf6 8. Ne2 Nc6 9. Qxd5 Nxd5 10. Nf3 Ndb4 11. Kd1 cxd4 12. a3 Na6 13. Bf4 f6 14. Re1 Kf7 15. b4 b5 16. Kc1 e5 17. Bd2 Nc7 18. a4 Bxb4 19. axb5 Nxb5 20. Bxb4 Nxb4 21. Rb1 a5 22. Ng3 Rhc8 23. Kd1 Nc3+ 24. Kc1 Nxb1 25. Kxb1 Nxc2 26. Rd1 Rab8+ 27. Ka2 Rc3 0-1

[Event "Sebes Romanian Rapid op"]
[Site "Sebes"]
[Date "2022.12.02"]
[Round "1"]
[White "Chicarosie, Ioana Bianca"]
[Black "Jianu, Vlad Cristian"]
[Result "0-1"]
[WhiteElo "1815"]
[BlackElo "2518"]
[PlyCount "42"]
[EventDate "2022.12.02"]
[EventType "swiss (rapid)"]
[EventRounds "8"]
[EventCountry "ROU"]
[SourceTitle "CBM 211 Extra"]
[Source "ChessBase"]
[SourceDate "2023.01.31"]
[SourceVersion "1"]
[SourceVersionDate "2023.01.31"]
[SourceQuality "1"]

1. d4 Nf6 2. Nf3 e6 3. g3 b6 4. Bg2 Bb7 5. 0-0 c5 6. c4 cxd4 7. Nxd4 Bxg2 8. Kxg2 Qc7 9. Qd3 Nc6 10. Nb5 Qb7 11. Qf3 a6 12. N5c3 Be7 13. Be3 0-0 14. Ne4 Nxe4 15. Qxe4 Bf6 16. Nd2 b5 17. Rab1 bxc4 18. b3 c3 19. Nf3 d5 20. Qd3 Nb4 21. Qd1 c2 0-1

[Event "EU Union-ch U14"]
[Site "Kouty nad Desnou"]
[Date "2021.08.21"]
[Round "8.5"]
[White "Chicarosie, Ioana Bianca"]
[Black "Hladky, Tadeas"]
[Result "0-1"]
[WhiteElo "1594"]
[BlackElo "1908"]
[PlyCount "110"]
[EventDate "2021.08.14"]
[EventType "swiss"]
[EventRounds "9"]
[EventCountry "CZE"]
[SourceTitle "EXT 2022"]
[Source "ChessBase"]
[SourceDate "2021.10.06"]
[SourceVersion "1"]
[SourceVersionDate "2021.10.06"]
[SourceQuality "1"]

1. d4 d5 2. Nf3 Nf6 3. e3 c5 4. c3 e6 5. Bd3 Nc6 6. Nbd2 Bd6 7. 0-0 0-0 8. dxc5 Bxc5 9. e4 e5 10. Qc2 h6 11. exd5 Nxd5 12. b4 Bd6 13. Nc4 Nb6 14. Nxd6 Qxd6 15. Be3 Qc7 16. a4 Bg4 17. Nd2 Nd5 18. Bc5 Rfe8 19. f3 Be6 20. Ne4 Rad8 21. Rfd1 b6 22. Bf2 Nf4 23. Rab1 Nxd3 24. Rxd3 Rxd3 25. Qxd3 Rd8 26. Qe2 Qd7 27. a5 Qc7 28. axb6 axb6 29. c4 Nd4 30. Bxd4 Rxd4 31. c5 Bc4 32. Qe3 Bd3 33. Rd1 Bxe4 34. Rxd4 exd4 35. Qxe4 bxc5 36. bxc5 Qxc5 37. Qe8+ Qf8 38. Qa4 Qd8 39. Kf1 g6 40. Qb4 Qd5 41. Qd2 Kg7 42. Kf2 Qe5 43. g3 Qc5 44. Qd3 h5 45. h3 Qb4 46. Qc2 Qc3 47. Qxc3 dxc3 48. Ke3 h4 49. g4 Kf6 50. f4 g5 51. fxg5+ Kxg5 52. Kd3 Kf4 53. Kxc3 Kg3 54. Kd3 Kxh3 55. Ke3 Kg2 0-1

[Event "Balkan-ch U14 Girls"]
[Site "Tornelo INT"]
[Date "2020.11.01"]
[Round "6"]
[White "Chicarosie, Ioana Bianca"]
[Black "Zrmanovska, Mihaela"]
[Result "1-0"]
[WhiteElo "1376"]
[BlackElo "1191"]
[PlyCount "87"]
[EventDate "2020.10.31"]
[EventType "swiss"]
[EventRounds "7"]
[EventCountry "NET"]
[SourceTitle "EXT 2023"]
[Source "ChessBase"]
[SourceDate "2022.10.05"]
[SourceVersion "1"]
[SourceVersionDate "2022.10.05"]
[SourceQuality "1"]

1. d4 d5 2. Nf3 Nf6 3. e3 Bf5 4. c4 e6 5. Nc3 Be7 6. Qb3 b6 7. Be2 0-0 8. 0-0 c5 9. dxc5 bxc5 10. Rd1 Nc6 11. a3 Na5 12. Qa4 Rb8 13. cxd5 exd5 14. Bd3 Bxd3 15. Rxd3 c4 16. Rd1 Nb3 17. Rb1 a5 18. Nd4 Nc5 19. Qc2 Nd3 20. Nc6 Qb6 21. Nxe7+ Kh8 22. Nexd5 Nxd5 23. Nxd5 Qc5 24. Nc3 Rfd8 25. b3 Rbc8 26. bxc4 Qxc4 27. Bb2 Nxb2 28. Rxd8+ Rxd8 29. Qxb2 h6 30. Ne2 Qd3 31. Nd4 Rc8 32. Rc1 Rd8 33. g3 Qe4 34. Qb3 Kg8 35. a4 Rd7 36. Qc3 Rb7 37. Qxa5 Rb1 38. Qc3 Rb7 39. a5 Ra7 40. Nb5 Rb7 41. Nd6 Qd5 42. Nxb7 Qxb7 43. Qc8+ Qxc8 44. Rxc8+ 1-0

[Event "Balkan-ch U14 Girls"]
[Site "Tornelo INT"]
[Date "2020.10.31"]
[Round "2"]
[White "Lusheska, Elena"]
[Black "Chicarosie, Ioana Bianca"]
[Result "0-1"]
[WhiteElo "1086"]
[BlackElo "1376"]
[PlyCount "66"]
[EventDate "2020.10.31"]
[EventType "swiss"]
[EventRounds "7"]
[EventCountry "NET"]
[SourceTitle "EXT 2023"]
[Source "ChessBase"]
[SourceDate "2022.10.05"]
[SourceVersion "1"]
[SourceVersionDate "2022.10.05"]
[SourceQuality "1"]

1. d4 d5 2. Nc3 Nf6 3. Bf4 e6 4. Nb5 Na6 5. a4 c6 6. Na3 Bd6 7. Bg3 0-0 8. e3 Nc7 9. Bd3 b6 10. c3 Bb7 11. Nf3 c5 12. Be5 a6 13. Nb1 Bxe5 14. Nxe5 c4 15. Bc2 b5 16. Nd2 Qd6 17. Bb1 b4 18. Qc2 g6 19. cxb4 Qxb4 20. Qc3 a5 21. 0-0 Rfd8 22. Rd1 Nd7 23. Ndf3 f6 24. Nxd7 Rxd7 25. Bc2 Na6 26. Rab1 Rc7 27. Qd2 Rac8 28. Qc3 Bc6 29. Ra1 Rb7 30. Rdb1 Rcb8 31. Ra2 Qxc3 32. bxc3 Rxb1+ 33. Bxb1 Rxb1+ 0-1

[Event "EU-ch U12 Girls"]
[Site "Bratislava"]
[Date "2019.08.08"]
[Round "7"]
[White "Siekanska, Maria"]
[Black "Chicarosie, Ioana Bianca"]
[Result "1-0"]
[WhiteElo "1677"]
[BlackElo "1574"]
[PlyCount "111"]
[EventDate "2019.08.02"]
[EventType "swiss"]
[EventRounds "9"]
[EventCountry "SVK"]
[SourceTitle "EXT 2020"]
[Source "ChessBase"]
[SourceDate "2019.10.17"]
[SourceVersion "1"]
[SourceVersionDate "2019.10.17"]
[SourceQuality "1"]

1. d4 d5 2. c4 e6 3. Nc3 Nf6 4. cxd5 exd5 5. Bg5 c6 6. e3 Be7 7. Bd3 Nbd7 8. Nge2 Nh5 9. Bxe7 Qxe7 10. 0-0 0-0 11. Qb1 g6 12. b4 f5 13. b5 Nb6 14. bxc6 bxc6 15. a4 Be6 16. a5 Nc4 17. Qc2 Bf7 18. Na4 Nxa5 19. Nb2 Qc7 20. Rfc1 Be8 21. Nc3 Qd8 22. Be2 Nf6 23. Nd3 Nc4 24. Nc5 Bf7 25. Bxc4 dxc4 26. N3a4 Nd5 27. Nb2 Nb6 28. Nb7 Qd5 29. Na5 c5 30. dxc5 Qxc5 31. Nb3 Qc7 32. Nd4 Qc5 33. Nd3 Qc7 34. Nf4 Rfe8 35. h4 a6 36. Qc3 Nd5 37. Nxd5 Bxd5 38. h5 Reb8 39. Ne2 Rc8 40. Nf4 Bf7 41. h6 Be8 42. Nd5 Qa7 43. Nb6 Rc7 44. Nxa8 Qxa8 45. Qe5 Ra7 46. Rxa6 Ba4 47. Qg7+ Rxg7 48. Rxa8+ Kf7 49. hxg7 Kxg7 50. Rxa4 c3 51. Rxc3 h5 52. Rc6 Kh6 53. Raa6 Kg5 54. Rxg6+ Kh4 55. Ra4+ f4 56. Rxf4# 1-0